Joy of cooking. all about chicken (Record no. 224331)

MARC details
000 -LEADER
fixed length control field 00685nam a2200217Ia 4500
008 - FIXED-LENGTH DATA ELEMENTS--GENERAL INFORMATION
fixed length control field 191130s2000##################000#0#eng##
020 ## - INTERNATIONAL STANDARD BOOK NUMBER
ISBN 9780743202046
082 ## - DEWEY DECIMAL CLASSIFICATION NUMBER
Classification number 641.5973 ROM
100 ## - MAIN ENTRY--AUTHOR NAME
Personal name Rombauer, Irma von Starkloff
245 ## - TITLE STATEMENT
Title Joy of cooking. all about chicken
Statement of responsibility, etc Irma S. Rombauer, Marion Rombauer Becker, Ethan Becker ; photography by Leigh Beisch
260 ## - PUBLICATION, DISTRIBUTION, ETC. (IMPRINT)
Place of publication New York
Name of publisher Scribner
Year of publication 2000
300 ## - PHYSICAL DESCRIPTION
Number of Pages 128 p. : col. ill. ; 27 cm
650 ## - SUBJECT ADDED ENTRY--TOPICAL TERM
Topical Term Cooking (Chicken)
700 ## - ADDED ENTRY--PERSONAL NAME
Personal name Becker, Ethan
Personal name Becker, Marion Rombauer
991 ## -
-- 312788
Holdings
Withdrawn status Lost status Damaged status Not for loan Home library Current library Shelving location Date acquired Full call number Accession Number Price effective from Koha item type
        Anna Centenary Library Anna Centenary Library 6TH FLOOR, A WING 13.10.2020 641.5973 ROM 449682 13.10.2020 English Books

Find us on the map